000 01763nam a2200373 i 4500
999 _c39577
_d39577
001 768714001
003 CO-MdFUSB
005 20190125153922.0
008 180518s2018 sp | |||| 001 0 spa
017 _aM 4244-2018
_bOficina Depósito Legal Madrid
020 _a9788422020172
040 _aSpMaBN
_bspa
_erda
_cCO-MdFUSB
_dCO-MdFUSBC
041 1 _aspa
_alat
_hlat
080 _a348:272-74"1983"(094.5)
082 _222
_a348
_bF143
110 2 _aIglesia Católica
240 1 0 _aCodex juris canonici, 1983
245 1 0 _aCódigo de derecho canónico
_b: edición bilingüe comentada por profesores de la Facultad de Derecho Canónico de la Universidad Pontificia de Salamanca
_c/ colaboradores, Federico Aznar Gil ... [otros 5 colaboradores ; traducción castellana, Conferencia Episcopal Española]
250 _aSéptima edición.
_b (actualizada. y revisada.), abril. 2018
264 _aMadrid
_bBiblioteca de Autores Cristianos,
_c[2018]
300 _aXLIII, 1391 páginas ;
_c20 cm
336 _atexto
_2rdacontent
_btxt
337 _asin mediación
_2rdamedia
_bn
338 _2rdacarrier
_avolumen
_bnc
490 0 _aBiblioteca de autores cristianos
500 _aIncluye apéndice documental e índice
505 _tLibro I: Las normas generales
_tLibro II: El pueblo de Dios
_tLibro III: De la función de enseñar de la iglesia.
_tLibro IV: De la función de santificar de la iglesia.
_tLibro V: De los bienes temporales de la iglesia.
_tLibro VI: De las sanciones de la iglesia.
_tLibro VII: De los procesos.
650 7 _aDerecho canónico
_vCódigos
700 1 _aAznar Gil, Federico R.
_d1953-
_eeditor literario
942 _cBK
956 _a1 2